Japanese financial growth

This book is a collection of papers presented at the international conference on Japanese financial growth. This was the fifth confeence organised by permanent advisory committee on Eurodollar in co-operation with the London school of economics financial markets group.

Guardat en:
Dades bibliogràfiques
Autor principal: Goodhart, Charles A. E.
Format: Llibre
Idioma:Undetermined
Publicat: London Macmillan 1990
Matèries:
Etiquetes: Afegir etiqueta
Sense etiquetes, Sigues el primer a etiquetar aquest registre!
Thư viện lưu trữ: Trung tâm Học liệu Trường Đại học Cần Thơ
LEADER 00837nam a2200217Ia 4500
001 CTU_96776
008 210402s9999 xx 000 0 und d
082 |a 332 
082 |b G652 
100 |a Goodhart, Charles A. E. 
245 0 |a Japanese financial growth 
245 0 |c Charles A. E. Goodhart 
260 |a London 
260 |b Macmillan 
260 |c 1990 
520 |a This book is a collection of papers presented at the international conference on Japanese financial growth. This was the fifth confeence organised by permanent advisory committee on Eurodollar in co-operation with the London school of economics financial markets group. 
650 |a Finance,Banks and banking 
650 |x Congresses,Congresses 
650 |z Japan,Japan 
904 |i Tuyến 
980 |a Trung tâm Học liệu Trường Đại học Cần Thơ